000
00287nam a2200121Ia 4500
008
190216s9999||||xx |||||||||||||| ||und||
100
_a
Ronald W.
245
0
_a
Electronic And Photonic Circuit And Devices
260
_b
I E E E Press
300
_a
217
650
_a
Physics
942
_c
BK
999
_c
34100
_d
34100